000 00587nam a22001097a 4500
999 _c59675
_d59675
008 230331b xxu||||| |||| 00| 0 geo d
080 _a8Ю (075.3) ჩ-318
100 _aჩაჩიბაია, არჩილ, ავტორი.
_917402
245 _aქართული საბავშვო ლიტერატურა :
_b[სახელმძღვ. პედ. ინ-ტების სტუდ.] /
_cარჩილ ჩაჩიბაია.
250 _aმე-2 შევს. გამოც.
264 _aთბილისი :
_b განათლება,
_c 1990.